[Event "Druga liga Srbije - Vojvodina 2008"]
[Site "Sombor"]
[Date "2008.10.04"]
[Round "5"]
[White "Bogosavljevic, Boban"]
[Black "Velickovic, Sasa"]
[Result "0-1"]
[WhiteElo "2541"]
[BlackElo "2410"]
[PlyCount "86"]
[EventDate "2008.??.??"]
[Source "Perpetual Check"]

1. Nf3 c5 2. c4 g6 3. d4 Bg7 4. Nc3 cxd4 5. Nxd4 Nc6 6. Nb3 Nf6 7. g3 O-O 8.
Bg2 d6 9. O-O Be6 10. Nd5 Rc8 11. Bd2 Nd7 12. Rc1 Bxb2 13. Rc2 Be5 14. Nf4 Bxf4
15. Bxf4 b6 16. Bh6 Re8 17. Qa1 Nf6 18. Rfc1 Qd7 19. Rd2 Ne5 20. c5 Bxb3 21. c6
Nxc6 22. axb3 Na5 23. Rd3 Rxc1+ 24. Bxc1 Rc8 25. Bb2 Ne8 26. h4 Nc6 27. Rc3 d5
28. Qa4 e6 29. h5 Nd6 30. Rxc6 Qxc6 31. Qd4 Kf8 32. h6 Ke7 33. Bh3 Qc2 34. Qf6+
Kd7 35. e3 Qb1+ 36. Kg2 Qe4+ 37. Kg1 d4 38. Kh2 dxe3 39. Bg2 Qf5 40. Qd4 Qh5+
41. Kg1 e2 42. Qe3 Rc2 43. Bf3 Qxf3 0-1

[Event "Druga liga Srbije - Vojvodina 2008"]
[Site "Sombor"]
[Date "2008.10.04"]
[Round "5"]
[White "Radlovacki, Jovan"]
[Black "Drazic, Sinisa"]
[Result "0-1"]
[WhiteElo "2390"]
[BlackElo "2528"]
[PlyCount "74"]
[EventDate "2008.??.??"]
[Source "Perpetual Check"]

1. e4 c6 2. d4 d5 3. exd5 Qxd5 4. c4 Qa5+ 5. Nc3 Nf6 6. Bd3 g6 7. h3 Bg7 8. Nf3
O-O 9. O-O Bf5 10. Re1 Bxd3 11. Qxd3 Re8 12. Bf4 Nbd7 13. Re2 Nf8 14. b4 Qxb4
15. Rb1 Qa5 16. Rxb7 Ne6 17. Be5 Qa6 18. Rbb2 Nd5 19. Rec2 Nb6 20. Bxg7 Kxg7
21. d5 cxd5 22. Nxd5 Rac8 23. Nxb6 axb6 24. Qb3 Rc6 25. Ne5 Rd6 26. Qc3 f6 27.
Nf3 Nc5 28. Qe3 Rd1+ 29. Kh2 Rd3 30. Qe2 e5 31. Rb5 e4 32. Nd2 Qc8 33. Nf1 f5
34. Rcb2 Na4 35. R2b4 Qc7+ 36. Kg1 Ra8 37. Ne3 Nc3 0-1

[Event "Druga liga Srbije - Vojvodina 2008"]
[Site "Sombor"]
[Date "2008.10.04"]
[Round "5"]
[White "Petkovic, Radosav"]
[Black "Andrijevic, Milan"]
[Result "0-1"]
[WhiteElo "2313"]
[BlackElo "2367"]
[PlyCount "116"]
[EventDate "2008.??.??"]
[Source "Perpetual Check"]

1. e4 c5 2. Nf3 e6 3. d4 cxd4 4. Nxd4 Nc6 5. Nc3 Qc7 6. g3 a6 7. Bg2 Nf6 8. O-O
d6 9. Be3 Be7 10. Qe2 O-O 11. Rad1 Nxd4 12. Bxd4 e5 13. Be3 Bg4 14. f3 Be6 15.
Qd2 b5 16. Rf2 Rad8 17. Nd5 Bxd5 18. exd5 Nd7 19. Bf1 f5 20. b3 Rb8 21. a4 bxa4
22. bxa4 a5 23. Bb5 Nf6 24. c4 e4 25. Bd4 exf3 26. Rxf3 Ne4 27. Qe3 Bg5 28. Qd3
Bf6 29. Be3 g6 30. Rdf1 Bg5 31. Kh1 Qe7 32. Bxg5 Qxg5 33. Rf4 Qe7 34. Qe3 h5
35. Qe1 Ra8 36. Bc6 Ra7 37. Qe3 Rf7 38. Re1 Qe5 39. Rb1 Rae7 40. Rff1 Kg7 41.
Rb5 h4 42. Kg2 Qf6 43. Qd3 Nc5 44. Rxc5 dxc5 45. d6 Ra7 46. Bb5 Ra8 47. Qd5 Rd8
48. d7 Qb2+ 49. Rf2 h3+ 50. Kg1 Qc1+ 51. Rf1 Qe3+ 52. Rf2 Re7 53. Qd2 Qe1+ 54.
Qxe1 Rxe1+ 55. Rf1 Rxf1+ 56. Kxf1 g5 57. Kf2 Kf6 58. Kf3 Ke7 0-1

[Event "Druga liga Srbije - Vojvodina 2008"]
[Site "Sombor"]
[Date "2008.10.04"]
[Round "5"]
[White "Kostic, Vladimir V"]
[Black "Munizaba, Slobodan"]
[Result "0-1"]
[WhiteElo "2289"]
[BlackElo "2307"]
[PlyCount "76"]
[EventDate "2008.??.??"]
[Source "Perpetual Check"]

1. c4 e5 2. g3 Nf6 3. Bg2 d5 4. cxd5 Nxd5 5. Nc3 Be6 6. Nf3 Nc6 7. O-O Be7 8.
d4 Nxc3 9. bxc3 e4 10. Nd2 f5 11. e3 Na5 12. Qa4+ c6 13. Ba3 Bxa3 14. Qxa3 b6
15. f3 exf3 16. Bxf3 Qe7 17. Qb4 Rc8 18. e4 c5 19. Qb5+ Bd7 20. Qd3 cxd4 21.
cxd4 O-O 22. exf5 Rxf5 23. Be4 Rxf1+ 24. Rxf1 h6 25. Bd5+ Kh8 26. Rf7 Qd6 27.
Be4 Rf8 28. Rxf8+ Qxf8 29. Nf3 Qd6 30. Ne5 Be6 31. Qc3 Kg8 32. Kf2 Kf8 33. Ke3
Ke7 34. Ng6+ Kd8 35. d5 Bg4 36. Qxg7 Nc4+ 37. Kf2 Qc5+ 38. Kg2 Ne3+ 0-1

[Event "Druga liga Srbije - Vojvodina 2008"]
[Site "Sombor"]
[Date "2008.10.04"]
[Round "5"]
[White "Djonin, Bosko"]
[Black "Orlov, Konstantin"]
[Result "0-1"]
[WhiteElo "2285"]
[BlackElo "2247"]
[PlyCount "94"]
[EventDate "2008.??.??"]
[Source "Perpetual Check"]

1. e4 c5 2. c3 Nf6 3. e5 Nd5 4. Nf3 d6 5. d4 cxd4 6. Qxd4 e6 7. a3 Nc6 8. Qe4
dxe5 9. Nxe5 Qc7 10. Nxc6 bxc6 11. Bd3 Nf6 12. Qe2 Bd6 13. h3 Rb8 14. O-O O-O
15. Nd2 c5 16. Nc4 Bh2+ 17. Kh1 Bf4 18. Be3 Bb7 19. Bxf4 Qxf4 20. Rab1 Rfd8 21.
Rfd1 Qg5 22. f3 Nh5 23. Qe5 Qxe5 24. Nxe5 Rd5 25. Ng4 Rbd8 26. Bc2 Nf4 27. Ne3
Rxd1+ 28. Rxd1 Rxd1+ 29. Nxd1 Kf8 30. Kg1 Ke7 31. Kf2 Ba6 32. h4 h6 33. g3 Nd5
34. b3 Kd6 35. c4 Ne7 36. Nc3 f5 37. Ke3 Nc6 38. f4 Nd4 39. Bd1 Bb7 40. b4 Bc6
41. b5 Bb7 42. a4 e5 43. h5 Bc8 44. fxe5+ Kxe5 45. a5 Bb7 46. Na4 Kd6 47. Kf4
Be4 {dalje je nectko} 0-1

[Event "Druga liga Srbije - Vojvodina 2008"]
[Site "Sombor"]
[Date "2008.10.04"]
[Round "5"]
[White "Jovanovic, Milos"]
[Black "Zivkovic, Negosim"]
[Result "1/2-1/2"]
[WhiteElo "2257"]
[BlackElo "2237"]
[PlyCount "98"]
[EventDate "2008.??.??"]
[Source "Perpetual Check"]

1. e4 c6 2. Nf3 d6 3. d4 Na6 4. Nc3 Nc7 5. h3 g6 6. Bc4 Bg7 7. O-O Nf6 8. e5
dxe5 9. dxe5 Qxd1 10. Rxd1 Nd7 11. Bf4 Nb6 12. Bb3 Be6 13. Ng5 Bxb3 14. axb3
Ncd5 15. Nxd5 Nxd5 16. Bg3 h6 17. Ne4 a6 18. c4 Nc7 19. Nc5 b6 20. Nd7 Nd5 21.
cxd5 Kxd7 22. dxc6+ Kxc6 23. Rac1+ Kb5 24. Rc7 Rhe8 25. f4 Rac8 26. Rb7 Rb8 27.
Rxb8 Rxb8 28. Rd7 Bf8 29. e6 f5 30. Be1 Rc8 31. Bc3 h5 32. g3 Re8 33. Kf2 a5
34. g4 hxg4 35. hxg4 fxg4 36. Kg3 Bh6 37. Kxg4 Kc6 38. Be5 b5 39. Ra7 Kc5 40.
Rxa5 Kd5 41. Rxb5+ Kxe6 42. b4 Kf7 43. Rb8 Rxb8 44. Bxb8 Ke6 45. b5 Kd7 46. Be5
e6 47. b4 Kc8 48. Bd4 Kb7 49. Be3 e5 1/2-1/2

[Event "Druga liga Srbije - Vojvodina 2008"]
[Site "Sombor"]
[Date "2008.10.04"]
[Round "5"]
[White "Roganovic, Milos"]
[Black "Markovic, Milovan"]
[Result "1-0"]
[WhiteElo "2458"]
[BlackElo "2254"]
[PlyCount "83"]
[EventDate "2008.??.??"]
[Source "Perpetual Check"]

1. e4 c5 2. Nf3 Nc6 3. d4 cxd4 4. Nxd4 a6 5. Nc3 e6 6. Be3 Qc7 7. Bd3 Nf6 8.
O-O Be7 9. f4 d6 10. Qf3 Bd7 11. Kh1 h5 12. Bg1 h4 13. h3 g6 14. Nde2 Qa5 15.
a3 Qh5 16. Qe3 Rg8 17. Bh2 Qh6 18. Qb6 Rb8 19. e5 Nh5 20. exd6 Bxd6 21. Ne4 Be7
22. Rad1 Qf8 23. f5 gxf5 24. Bxb8 Qg7 25. Rf2 Nxb8 26. Nd6+ Kf8 27. Qc7 Qg5 28.
Qxb8+ Kg7 29. Qc7 Bc6 30. Nd4 Rd8 31. N6xf5+ exf5 32. Nxf5+ Kf8 33. Nxe7 Qxe7
34. Qxe7+ Kxe7 35. Kh2 Rg8 36. Re1+ Kf8 37. Be4 Ng3 38. Bxc6 bxc6 39. Rf4 Rh8
40. Re6 Kg7 41. Rb4 Rd8 42. Rxh4 1-0

[Event "Druga liga Srbije - Vojvodina 2008"]
[Site "Sombor"]
[Date "2008.10.04"]
[Round "5"]
[White "Popovic, Milos T"]
[Black "Balog, Imre"]
[Result "0-1"]
[WhiteElo "2403"]
[BlackElo "2423"]
[PlyCount "40"]
[EventDate "2008.??.??"]
[Source "Perpetual Check"]

1. d4 c5 2. d5 g6 3. e4 d6 4. Nc3 Bg7 5. h3 Nf6 6. Nf3 O-O 7. Be2 b5 8. e5 dxe5
9. Bxb5 e4 10. Ne5 Qc7 11. Nc4 Rd8 12. O-O Bb7 13. d6 exd6 14. Bf4 Nc6 15. Bxd6
Qc8 16. Qc1 Nd4 17. Be7 Nd5 18. Nd6 Rxd6 19. Bxd6 Nxc3 20. bxc3 Nxb5 0-1

[Event "Druga liga Srbije - Vojvodina 2008"]
[Site "Sombor"]
[Date "2008.10.04"]
[Round "5"]
[White "Kontic, Djordjije"]
[Black "Novakovic, Dragan"]
[Result "1-0"]
[WhiteElo "2380"]
[BlackElo "2291"]
[PlyCount "111"]
[EventDate "2008.??.??"]
[Source "Perpetual Check"]

1. e4 e6 2. d4 d5 3. e5 c5 4. c3 Qb6 5. Bd3 Bd7 6. Ne2 Nc6 7. Bc2 Rc8 8. O-O
cxd4 9. cxd4 Nb4 10. Bb3 Ne7 11. a3 Nbc6 12. Bc2 Na5 13. Nbc3 Nc4 14. b3 Na5
15. Rb1 Qc7 16. Bd3 a6 17. Bd2 b5 18. Qe1 Nec6 19. a4 b4 20. Na2 Qb6 21. Be3
Be7 22. Kh1 Rb8 23. Qd1 O-O 24. Nf4 f5 25. exf6 Rxf6 26. Nh5 Rf7 27. Qc2 g5 28.
Bg6 Be8 29. Bxf7+ Bxf7 30. Qe2 Nxd4 31. Qg4 e5 32. f4 Qe6 33. f5 Qh6 34. Bxd4
exd4 35. Nf4 Qh4 36. Qxh4 gxh4 37. Nd3 Rb6 38. Rb2 Nc6 39. f6 Bd6 40. Rf5 h3
41. Nac1 Kf8 42. Kg1 Na5 43. Rc2 Rc6 44. Rxc6 Nxc6 45. gxh3 Ke8 46. Rg5 Bf8 47.
Ne5 Nxe5 48. Rxe5+ Kd7 49. Kf2 Bd6 50. Rg5 Ke6 51. Rg4 Kxf6 52. Nd3 Bg6 53.
Rxd4 Kg5 54. Nf4 Kf5 55. Rxd5+ Kxf4 56. Rxd6 1-0

[Event "Druga liga Srbije - Vojvodina 2008"]
[Site "Sombor"]
[Date "2008.10.04"]
[Round "5"]
[White "Tokovic, Svetozar"]
[Black "Pezelj, Novak"]
[Result "1/2-1/2"]
[WhiteElo "2254"]
[BlackElo "2325"]
[PlyCount "112"]
[EventDate "2008.??.??"]
[Source "Perpetual Check"]

1. Nf3 Nf6 2. g3 d5 3. Bg2 c6 4. O-O Bg4 5. d3 Nbd7 6. Nbd2 e5 7. h3 Bh5 8. e4
dxe4 9. dxe4 Bc5 10. Qe2 O-O 11. Nb3 Bb6 12. Be3 Bxe3 13. Qxe3 Qb6 14. Rfe1
Bxf3 15. Qxf3 a5 16. a4 Qb4 17. Qd1 Nc5 18. Nxc5 Qxc5 19. Re3 Rad8 20. Qe2 Rd4
21. c3 Rd6 22. Rd1 Rfd8 23. Red3 Ne8 24. Rxd6 Rxd6 25. Rxd6 Nxd6 26. Qg4 g6 27.
h4 Kg7 28. h5 Nc4 29. b3 Nb6 30. Qg5 f6 31. Qd2 Qe7 32. h6+ Kf8 33. c4 Qd7 34.
Qxa5 Nc8 35. Qb4+ Kf7 36. Bf3 Ne7 37. Qc3 Ng8 38. b4 Nxh6 39. b5 cxb5 40. cxb5
b6 41. Qe3 g5 42. Qxb6 g4 43. Be2 Kg6 44. Qc5 Nf7 45. Qc6 Qd4 46. Bxg4 Qxa4 47.
Bf5+ Kg7 48. Qd7 Kf8 49. Be6 Ng5 50. Qd6+ Kg7 51. Qe7+ Kg6 52. Qe8+ Kg7 53.
Qd7+ Kh6 54. Bf5 Qc4 55. Qc6 Nf3+ 56. Kg2 Ne1+ 1/2-1/2

[Event "Druga liga Srbije - Vojvodina 2008"]
[Site "Sombor"]
[Date "2008.10.04"]
[Round "5"]
[White "Robulj, Nenad"]
[Black "Strangar, Zlatko"]
[Result "1-0"]
[WhiteElo "2267"]
[BlackElo "2174"]
[PlyCount "63"]
[EventDate "2008.??.??"]
[Source "Perpetual Check"]

1. e4 e6 2. d3 d5 3. Nd2 Nf6 4. Ngf3 Be7 5. g3 c5 6. Bg2 Nc6 7. O-O O-O 8. e5
Nd7 9. Re1 b5 10. Nf1 a5 11. h4 a4 12. a3 b4 13. h5 bxa3 14. bxa3 Rb8 15. Bf4
Ba6 16. N1h2 c4 17. d4 Na7 18. Ng4 c3 19. Qc1 Rb2 20. Re3 Qa5 21. h6 g6 22. Bg5
Bxg5 23. Nxg5 Nb5 24. Rd3 Qd8 25. Nh3 Qe7 26. Bf1 Rb8 27. Rd1 Rb6 28. Bxb5 Bxb5
29. Re1 f5 30. exf6 Nxf6 31. Qg5 Kf7 32. Qf4 1-0

[Event "Druga liga Srbije - Vojvodina 2008"]
[Site "Sombor"]
[Date "2008.10.04"]
[Round "5"]
[White "Galo, Dejan"]
[Black "Stojanovic, Zoran"]
[Result "0-1"]
[WhiteElo "2092"]
[BlackElo "2251"]
[PlyCount "72"]
[EventDate "2008.??.??"]
[Source "Perpetual Check"]

1. e4 c6 2. d4 d5 3. Nc3 dxe4 4. Nxe4 Nd7 5. Bc4 Ngf6 6. Nxf6+ Nxf6 7. Nf3 Bf5
8. Bg5 e6 9. Qe2 Bd6 10. O-O-O Qc7 11. Ne5 Bxe5 12. dxe5 Nd5 13. g4 Bg6 14. f4
h6 15. Bxd5 cxd5 16. Bh4 Rc8 17. Rd2 Qc4 18. Qxc4 Rxc4 19. Rf1 h5 20. g5 O-O
21. Be1 Rfc8 22. Rff2 Kh7 23. b3 Re4 24. Rde2 Bf5 25. Rxe4 Bxe4 26. a4 Kg6 27.
Kd1 Kf5 28. c3 Kg4 29. Ke2 d4 30. cxd4 Kf5 31. a5 Rc1 32. Bd2 Rb1 33. b4 Rb3
34. Be1 Rd3 35. Bd2 a6 36. Rf1 Rxd4 {dalje je necitko} 0-1

[Event "Druga liga Srbije - Vojvodina 2008"]
[Site "Sombor"]
[Date "2008.10.04"]
[Round "5"]
[White "Kosic, Dragan"]
[Black "Galyas, Miklos"]
[Result "1/2-1/2"]
[WhiteElo "2511"]
[BlackElo "2454"]
[PlyCount "21"]
[EventDate "2008.??.??"]
[Source "Perpetual Check"]

1. d4 f5 2. g3 Nf6 3. Bg2 g6 4. Nf3 Bg7 5. O-O O-O 6. b3 d6 7. Bb2 Ne4 8. Nbd2
Nc6 9. e3 Nxd2 10. Qxd2 e5 11. dxe5 1/2-1/2

[Event "Druga liga Srbije - Vojvodina 2008"]
[Site "Sombor"]
[Date "2008.10.04"]
[Round "5"]
[White "Vlahovic, Bogdan"]
[Black "Zlatic, Mihajlo"]
[Result "1/2-1/2"]
[WhiteElo "2362"]
[BlackElo "2471"]
[PlyCount "33"]
[EventDate "2008.??.??"]
[Source "Perpetual Check"]

1. Nf3 c5 2. c4 Nc6 3. d4 cxd4 4. Nxd4 Nf6 5. Nc3 e6 6. a3 Bc5 7. Nb3 Be7 8. e4
O-O 9. Be2 b6 10. Be3 Bb7 11. c5 bxc5 12. Nxc5 Bc8 13. Qa4 Qa5 14. Qxa5 Nxa5
15. e5 Ne8 16. N3a4 d5 17. exd6 1/2-1/2

[Event "Druga liga Srbije - Vojvodina 2008"]
[Site "Sombor"]
[Date "2008.10.04"]
[Round "5"]
[White "Kizov, Atanas"]
[Black "Mijovic, Stefan"]
[Result "0-1"]
[WhiteElo "2439"]
[BlackElo "2287"]
[PlyCount "106"]
[EventDate "2008.??.??"]
[Source "Perpetual Check"]

1. d4 d5 2. c4 e6 3. Nf3 Nf6 4. g3 Be7 5. Bg2 O-O 6. O-O Nbd7 7. Qc2 c6 8. Nbd2
b6 9. e4 Bb7 10. e5 Ne8 11. cxd5 exd5 12. Re1 Nc7 13. Nf1 c5 14. b3 Ne6 15. Bb2
Rc8 16. Qd2 a5 17. a3 Qc7 18. Ne3 Rfd8 19. Nf5 Bf8 20. h4 cxd4 21. N3xd4 Nxd4
22. Nxd4 Nc5 23. Bh3 Ra8 24. e6 Bc8 25. Rac1 Qb7 26. Qe3 fxe6 27. b4 axb4 28.
axb4 e5 29. Bxc8 Raxc8 30. Nf5 Ne4 31. Bxe5 Qf7 32. g4 g6 33. Nd4 Bxb4 34. Rxc8
Rxc8 35. Rd1 Re8 36. Qf4 Rxe5 37. Qxf7+ Kxf7 38. Nc6 Bd6 39. Nxe5+ Bxe5 40.
Rxd5 Ke6 41. Rd8 Nd6 42. Kf1 b5 43. Rb8 Kd5 44. Ke2 Kc4 45. Rf8 b4 46. f4 Bd4
47. f5 gxf5 48. gxf5 b3 49. Kd1 b2 50. Kc2 Nb5 51. Rc8+ Kb4 52. Rb8 Be5 53. Rb7
Kc5 0-1

[Event "Druga liga Srbije - Vojvodina 2008"]
[Site "Sombor"]
[Date "2008.10.04"]
[Round "5"]
[White "Levnajic, Pavle"]
[Black "Dragojlovic, Andjelko"]
[Result "1/2-1/2"]
[WhiteElo "2240"]
[BlackElo "2393"]
[PlyCount "35"]
[EventDate "2008.??.??"]
[Source "Perpetual Check"]

1. e4 c5 2. Nf3 g6 3. d4 cxd4 4. Nxd4 Nc6 5. c4 Nf6 6. Nc3 d6 7. Be2 Nxd4 8.
Qxd4 Bg7 9. Bg5 O-O 10. Qd2 Be6 11. O-O Qa5 12. Rac1 Rfc8 13. b3 a6 14. f4 b5
15. f5 b4 16. Bxf6 Bxf6 17. Nd5 Bxd5 18. exd5 1/2-1/2

[Event "Druga liga Srbije - Vojvodina 2008"]
[Site "Sombor"]
[Date "2008.10.04"]
[Round "5"]
[White "Miranovic, Rajko"]
[Black "Sevo, Dusan"]
[Result "1-0"]
[WhiteElo "2383"]
[BlackElo "2285"]
[PlyCount "87"]
[EventDate "2008.??.??"]
[Source "Perpetual Check"]

1. e4 e6 2. d4 d5 3. Nd2 Nf6 4. e5 Nfd7 5. Bd3 c5 6. c3 Nc6 7. Ne2 cxd4 8. cxd4
f6 9. exf6 Nxf6 10. Nf3 Bd6 11. O-O Qc7 12. Nc3 a6 13. h3 O-O 14. Be3 Bd7 15.
Rc1 Rae8 16. Re1 Kh8 17. Na4 Qb8 18. Nc5 Bc8 19. a3 e5 20. dxe5 Nxe5 21. Be2
Ng6 22. Bf1 Bf4 23. Qd2 Bxe3 24. Rxe3 Rxe3 25. Qxe3 Re8 26. Qb3 Qf4 27. Rd1 Qc7
28. Qc3 Qb6 29. b4 Qc7 30. Na4 Qxc3 31. Nxc3 Rd8 32. Nd4 Kg8 33. Na4 Nf4 34.
Nb6 Ne6 35. Nb3 Kf7 36. Nc5 Ke7 37. Nxc8+ Rxc8 38. Nxb7 Rc3 39. a4 Ra3 40. Re1
Ne4 41. f3 Nc3 42. Nc5 Nxa4 43. Rxe6+ Kf7 44. Rxa6 1-0

[Event "Druga liga Srbije - Vojvodina 2008"]
[Site "Sombor"]
[Date "2008.10.04"]
[Round "5"]
[White "Jakovljev, Zoran"]
[Black "Grujic, Zoran"]
[Result "1/2-1/2"]
[WhiteElo "2233"]
[BlackElo "2335"]
[PlyCount "115"]
[EventDate "2008.??.??"]
[Source "Perpetual Check"]

1. e4 c5 2. Nf3 e6 3. d3 Nc6 4. g3 d5 5. Nbd2 b6 6. Bg2 dxe4 7. dxe4 Ba6 8. c4
Qd7 9. O-O O-O-O 10. b3 Bb7 11. Bb2 f6 12. Bc3 Nh6 13. Qc1 Nf7 14. Qb2 Bd6 15.
a3 Nfe5 16. Rad1 Qc7 17. Qb1 Qe7 18. h4 h6 19. Rfe1 g5 20. Nxe5 Bxe5 21. Bxe5
Nxe5 22. hxg5 hxg5 23. Nf3 Ng6 24. Rxd8+ Rxd8 25. Nh2 Ne5 26. Rd1 Rh8 27. Nf3
Nc6 28. Qd3 g4 29. Nh2 Ne5 30. Qd6 Qxd6 31. Rxd6 Re8 32. Nf1 Kc7 33. Rd1 Rd8
34. Rxd8 Kxd8 35. Nd2 Bc6 36. Bf1 a5 37. a4 Nf3+ 38. Nxf3 gxf3 39. Bd3 Kd7 40.
e5 fxe5 41. Kf1 e4 42. Bc2 Kd6 43. Ke1 Ke5 44. Kd2 Kd4 45. g4 Be8 46. Bb1 Bc6
47. Bc2 e3+ 48. fxe3+ Ke5 49. Ke1 Kf6 50. Kf2 Kg5 51. Kg3 f2 52. Kxf2 Kxg4 53.
Ke2 Kg5 54. Kd2 Kf6 55. Bh7 Ke5 56. Bg8 Be4 57. Bf7 Bf5 58. Be8 1/2-1/2

[Event "Druga liga Srbije - Vojvodina 2008"]
[Site "Sombor"]
[Date "2008.10.04"]
[Round "5"]
[White "Saric, Sinisa"]
[Black "Miljanic, Boro"]
[Result "0-1"]
[WhiteElo "2414"]
[BlackElo "2404"]
[PlyCount "62"]
[EventDate "2008.??.??"]
[Source "Perpetual Check"]

1. d4 Nf6 2. c4 g6 3. Nc3 Bg7 4. e4 O-O 5. Nf3 d6 6. Be2 e5 7. Be3 Ng4 8. Bg5
f6 9. Bc1 f5 10. exf5 Bxf5 11. O-O Nc6 12. d5 Nd4 13. Nxd4 exd4 14. Nb5 Nxh2
15. Kxh2 a6 16. Nxc7 Qxc7 17. g4 d3 18. Bf3 Bd7 19. Qxd3 b5 20. c5 Qxc5 21. Rb1
b4 22. Qd1 Bb5 23. Be3 Qc4 24. Rh1 Be5+ 25. Kg2 Qxa2 26. Qd2 Rxf3 27. Kxf3 Qc4
28. Rh4 Rf8+ 29. Kg2 Qe4+ 30. f3 Qxf3+ 31. Kg1 Qg3+ 0-1

[Event "Druga liga Srbije - Vojvodina 2008"]
[Site "Sombor"]
[Date "2008.10.04"]
[Round "5"]
[White "Tomic, Bosko"]
[Black "Rogac, Srdjan"]
[Result "1/2-1/2"]
[WhiteElo "2405"]
[BlackElo "2303"]
[PlyCount "61"]
[EventDate "2008.??.??"]
[Source "Perpetual Check"]

1. e4 c5 2. Nf3 Nc6 3. Bb5 g6 4. O-O Bg7 5. Bxc6 dxc6 6. d3 Nf6 7. Nc3 O-O 8.
Be3 b6 9. h3 Qc7 10. Qd2 e5 11. Bh6 Re8 12. Bxg7 Kxg7 13. Nh2 Nh5 14. Ne2 Nf4
15. Nxf4 exf4 16. Nf3 f6 17. Rfe1 h6 18. e5 fxe5 19. Rxe5 Rxe5 20. Qc3 Bf5 21.
Re1 Rae8 22. Rxe5 Rxe5 23. Nxe5 Kh7 24. d4 cxd4 25. Qxd4 g5 26. c3 c5 27. Qd5
Kg7 28. Nc4 Kf6 29. Nd6 Qd7 30. Ne4+ Kg6 31. Qg8+ 1/2-1/2

[Event "Druga liga Srbije - Vojvodina 2008"]
[Site "Sombor"]
[Date "2008.10.04"]
[Round "5"]
[White "Krejic, Igor"]
[Black "Vujadinovic, Goran"]
[Result "1/2-1/2"]
[WhiteElo "2273"]
[BlackElo "2363"]
[PlyCount "37"]
[EventDate "2008.??.??"]
[Source "Perpetual Check"]

1. e4 d6 2. d4 g6 3. c3 Nf6 4. Bd3 Bg7 5. Nf3 O-O 6. O-O Nc6 7. b4 Bg4 8. b5
Nb8 9. h3 Bxf3 10. Qxf3 e5 11. Bg5 Nbd7 12. Nd2 h6 13. Be3 Qe7 14. Rfe1 Rfe8
15. Qd1 d5 16. f4 dxe4 17. Nxe4 exf4 18. Bxf4 Nd5 19. Qd2 1/2-1/2

[Event "Druga liga Srbije - Vojvodina 2008"]
[Site "Sombor"]
[Date "2008.10.04"]
[Round "5"]
[White "Stanojevic, Branko"]
[Black "Savanovic, Vuk"]
[Result "1/2-1/2"]
[WhiteElo "2275"]
[BlackElo "2225"]
[PlyCount "65"]
[EventDate "2008.??.??"]
[Source "Perpetual Check"]

1. d4 Nf6 2. c4 c5 3. Nf3 cxd4 4. Nxd4 g6 5. Nc3 Bg7 6. e4 d6 7. Be2 O-O 8. O-O
Nc6 9. Nc2 Be6 10. f4 Rc8 11. Be3 a6 12. Kh1 Na5 13. b3 b5 14. Nd4 bxc4 15.
Nxe6 fxe6 16. b4 Nb7 17. Qa4 a5 18. a3 Qc7 19. Rad1 axb4 20. axb4 Ra8 21. Qc2
Rfb8 22. Rd4 Nd7 23. Rxc4 Qd8 24. Bg4 Nf8 25. Nb5 d5 26. Rc6 Nd6 27. Nxd6 exd6
28. exd5 exd5 29. Qd3 Rxb4 30. Qxd5+ Kh8 31. Rxd6 Qe7 32. Rd1 Rab8 33. Ba7
1/2-1/2

[Event "Druga liga Srbije - Vojvodina 2008"]
[Site "Sombor"]
[Date "2008.10.04"]
[Round "5"]
[White "Medar, Zeljko"]
[Black "Kolognat, Petar"]
[Result "0-1"]
[WhiteElo "2184"]
[BlackElo "2292"]
[PlyCount "102"]
[EventDate "2008.??.??"]
[Source "Perpetual Check"]

1. e4 g6 2. d4 Bg7 3. Nc3 d6 4. f3 c6 5. Be3 Nf6 6. Qd2 Qa5 7. Bd3 Nbd7 8. Nge2
e5 9. O-O O-O 10. a3 a6 11. b4 Qc7 12. Bc4 b5 13. Bb3 Bb7 14. Rad1 c5 15. dxc5
dxc5 16. Nd5 Bxd5 17. Bxd5 Rac8 18. c3 Nxd5 19. Qxd5 Rfd8 20. Qd6 Qb7 21. Bg5
f6 22. Be3 Kf7 23. Qd5+ Qxd5 24. Rxd5 cxb4 25. axb4 Bf8 26. Ra1 Rc6 27. Rad1
Ke6 28. f4 Bd6 29. fxe5 fxe5 30. R5d3 Rdc8 31. Nc1 Nf6 32. Bc5 Nxe4 33. Bxd6
Rxd6 34. Rxd6+ Nxd6 35. Nb3 Rxc3 36. Nc5+ Ke7 37. Rd5 e4 38. Re5+ Kf7 39. Nxa6
e3 40. Kf1 Nc4 41. Rxb5 Rc1+ 42. Ke2 Rc2+ 43. Ke1 Rxg2 44. Rb7+ Kf6 45. Nc5 Ne5
46. Nd7+ Nxd7 47. Rxd7 Rxh2 48. Rd3 Rb2 49. Rxe3 Rxb4 50. Rh3 h5 51. Ra3 Rf4
0-1

[Event "Druga liga Srbije - Vojvodina 2008"]
[Site "Sombor"]
[Date "2008.10.04"]
[Round "5"]
[White "Bogic, Stevan"]
[Black "Cabarkapa, Velibor"]
[Result "1-0"]
[WhiteElo "2259"]
[BlackElo "2289"]
[PlyCount "79"]
[EventDate "2008.??.??"]
[Source "Perpetual Check"]

1. d4 d5 2. c4 c6 3. Nf3 Nf6 4. Nc3 e6 5. e3 Nbd7 6. Bd3 dxc4 7. Bxc4 a6 8. e4
c5 9. e5 Ng4 10. h3 cxd4 11. hxg4 dxc3 12. O-O Qc7 13. Qe2 b5 14. Bd3 Bb7 15.
bxc3 Rd8 16. Bf4 Nc5 17. Bc2 Bd5 18. Rfe1 Be7 19. Ng5 h6 20. Nf3 Bc4 21. Qe3
Nd3 22. Red1 Bc5 23. Nd4 Nb2 24. Rdb1 Na4 25. Bxa4 bxa4 26. Rd1 Rd5 27. Rd2 O-O
28. Re1 Rfd8 29. g5 h5 30. Qe4 g6 31. Re3 Qb6 32. Re1 Bxd4 33. cxd4 Rxd4 34.
Rb1 Rxe4 35. Rxb6 Rxd2 36. Bxd2 Rxe5 37. Rb8+ Kh7 38. Bc3 f6 39. Bxe5 fxe5 40.
a3 1-0